Marketing Management (Record no. 9134)

MARC details
000 -LEADER
fixed length control field 00410nam a22001697a 4500
003 - CONTROL NUMBER IDENTIFIER
control field OSt
008 - FIXED-LENGTH DATA ELEMENTS--GENERAL INFORMATION
fixed length control field 201117b ||||| |||| 00| 0 eng d
020 ## - INTERNATIONAL STANDARD BOOK NUMBER
International Standard Book Number 978-9332557185
100 ## - MAIN ENTRY--PERSONAL NAME
Personal name KOTLER, Philip
245 ## - TITLE STATEMENT
Title Marketing Management
250 ## - EDITION STATEMENT
Edition statement 15 ed
260 ## - PUBLICATION, DISTRIBUTION, ETC. (IMPRINT)
Place of publication, distribution, etc New Delhi
Name of publisher, distributor, etc Pearson Education India;
Date of publication, distribution, etc 2016
300 ## - PHYSICAL DESCRIPTION
Extent 756
650 ## - SUBJECT ADDED ENTRY--TOPICAL TERM
Topical term or geographic name as entry element B.Com. Hons
700 ## - ADDED ENTRY--PERSONAL NAME
Personal name KELLER, Kaven Lane
942 ## - ADDED ENTRY ELEMENTS (KOHA)
Source of classification or shelving scheme Dewey Decimal Classification
Koha item type Text Books
Holdings
Withdrawn status Lost status Source of classification or shelving scheme Damaged status Not for loan Collection code Home library Current library Date acquired Source of acquisition Cost, normal purchase price Bill Number Total Checkouts Acc. no. / Barcode Date last seen Actual Cost, discounted price Bill Date Koha item type Date last borrowed
    Dewey Decimal Classification     B.Com. Hons PIET NCR College Library PIET NCR College Library 17/11/2020 Kirti Prakashan 524.50 IN254   N152 17/11/2020 356.66 05/08/2020 Text Books  
    Dewey Decimal Classification     B.Com. Hons PIET NCR College Library PIET NCR College Library 17/11/2020 Kirti Prakashan 524.50 IN254   N153 17/11/2020 356.66 05/08/2020 Text Books  
    Dewey Decimal Classification     B.Com. Hons PIET NCR College Library PIET NCR College Library 17/11/2020 Kirti Prakashan 524.50 IN254 1 N154 26/07/2023 356.66 05/08/2020 Text Books 29/11/2022
    Dewey Decimal Classification     B.Com. Hons PIET NCR College Library PIET NCR College Library 17/11/2020 Kirti Prakashan 524.50 IN254 2 N155 07/01/2026 356.66 05/08/2020 Text Books 13/01/2023
    Dewey Decimal Classification     B.Com. Hons PIET NCR College Library PIET NCR College Library 17/11/2020 Kirti Prakashan 524.50 IN254   N156 17/11/2020 356.66 05/08/2020 Text Books  
    Dewey Decimal Classification     B.Com. Hons PIET NCR College Library PIET NCR College Library 17/11/2020 Kirti Prakashan 524.50 IN254   N157 17/11/2020 356.66 05/08/2020 Text Books  

Design & Developed by: PIET Central Library
R70 Miles Stone Pattikalyana Samalkha Panipat 132102
mail ID :- [email protected], Phone No:- 0180-2569700 Ex.216